|
|
|
|
| LEADER |
01513njm a2200337 a 4500 |
| 001 |
000291861 |
| 003 |
CZ BrMZK |
| 005 |
19950101143423.0 |
| 008 |
950101s1993 xr f eng d |
| 028 |
0 |
3 |
|a 11 1944-2 011
|b Supraphon
|
| 040 |
|
|
|a BOA001
|b cze
|
| 080 |
|
|
|a 786.2:785.6"18"(086.7)
|2 MRF
|
| 100 |
1 |
|
|a Čajkovskij, Petr Il‘jič,
|d 1840-1893
|7 jn19981002507
|4 cmp
|
| 245 |
1 |
0 |
|a Concerto for piano and orchestra no. 1 in B flat minor, op. 23 /
|c Pyotr Ilyich Tchaikovsky. Concerto for piano and orchestra no. 2 in G minor, op. 16
|h [zvukový záznam] / Serge Prokofiev.
|
| 260 |
|
|
|a Praha :
|b Supraphon,
|c p1954, 1964, c1993
|
| 300 |
|
|
|a 1 CD :
|b AAD ;
|c 12 cm +
|e 1 brožura [12 s.].
|
| 306 |
|
|
|a 010646
|
| 500 |
|
|
|a Nahr. 1954, 1963
|
| 500 |
|
|
|a Durata 66:46
|
| 500 |
|
|
|a Text v brož. vícejaz.
|
| 511 |
0 |
|
|a Dagmar Baloghová, klavír; Sviatoslav Richter, klavír. Česká filharmonie, dir. Karel Ančerl.
|
| 653 |
0 |
|
|a klavírní koncerty
|a romantická hudba
|
| 700 |
1 |
|
|a Prokof‘jev, Sergej Sergejevič,
|d 1891-1953
|7 jn19990210508
|4 cmp
|
| 700 |
1 |
|
|a Ančerl, Karel,
|d 1908-1973
|7 jn19990209006
|4 cnd
|
| 700 |
1 |
|
|a Baloghová, Dagmar,
|d 1929-2017
|7 jn19981228027
|4 prf
|
| 700 |
1 |
|
|a Richter, Svjatoslav,
|d 1915-1997
|7 jn20000604649
|4 prf
|
| 710 |
2 |
|
|a Česká filharmonie
|7 kn20010710169
|4 prf
|
| 910 |
|
|
|a BOA001
|b CD-0002.481
|
| 964 |
|
|
|a Klavír a orchestr
|x koncerty
|z stol.19.
|x CD
|
| 990 |
|
|
|a AV
|
| 996 |
6 |
|
|b 261H002508
|c CD-0002.481
|l MZK
|r Sklad / do 24 hodin
|n 0
|w 000291861
|u 000010
|a 1
|e BOA001
|j MZK50
|s P
|